Statistics for Asia country shapes

Click here to take the quiz!

General Stats

  • This quiz has been taken 8 times
  • The average score is 38 of 48

Answer Stats

Answer% Correct
Bangladesh
100%
China
100%
Cyprus
100%
India
100%
Indonesia
100%
Iraq
100%
Israel
100%
Japan
100%
Maldives
100%
Mongolia
100%
Myanmar
100%
Philippines
100%
Sri Lanka
100%
Thailand
100%
Turkey
100%
Vietnam
100%
Afghanistan
86%
Iran
86%
Jordan
86%
Kazakhstan
86%
Laos
86%
Malaysia
86%
Singapore
86%
Taiwan
86%
Azerbaijan
71%
East Timor
71%
Georgia
71%
Kuwait
71%
Nepal
71%
Oman
71%
Pakistan
71%
Saudi Arabia
71%
South Korea
71%
Tajikistan
71%
Turkmenistan
71%
United Arab Emirates
71%
Yemen
71%
Bhutan
57%
Brunei
57%
Kyrgyzstan
57%
Lebanon
57%
North Korea
57%
Qatar
57%
Syria
57%
Uzbekistan
57%
Armenia
43%
Bahrain
43%
Cambodia
43%

Score Distribution

Percentile by Number Answered

Percent of People with Each Score

Your Score History

You have not taken this quiz